<?xml version="1.0" encoding="UTF-8"?>
<record
    xmlns:xsi="http://www.w3.org/2001/XMLSchema-instance"
    xsi:schemaLocation="http://www.loc.gov/MARC21/slim http://www.loc.gov/standards/marcxml/schema/MARC21slim.xsd"
    xmlns="http://www.loc.gov/MARC21/slim">

  <leader>00615nam a22001577a 4500</leader>
  <controlfield tag="008">230615b        |||||||| |||| 00| 0 eng d</controlfield>
  <datafield tag="040" ind1=" " ind2=" ">
    <subfield code="a">National Science Library</subfield>
    <subfield code="c">National Science Library</subfield>
  </datafield>
  <datafield tag="080" ind1=" " ind2=" ">
    <subfield code="a">621.39:52-87(082.2)</subfield>
    <subfield code="b">M3</subfield>
  </datafield>
  <datafield tag="245" ind1=" " ind2=" ">
    <subfield code="a">Satellite and computer communications</subfield>
    <subfield code="c">/ Proceedings of the IFIP TC6/AFCET/SEE international symposium on satellite and computer communications Versailles, France, 27-29 April, 1983</subfield>
  </datafield>
  <datafield tag="260" ind1=" " ind2=" ">
    <subfield code="a">Amsterdam: </subfield>
    <subfield code="b">North-Holland, </subfield>
    <subfield code="c">1983 </subfield>
  </datafield>
  <datafield tag="300" ind1=" " ind2=" ">
    <subfield code="a">xi, 377p. </subfield>
  </datafield>
  <datafield tag="650" ind1=" " ind2=" ">
    <subfield code="a">Communication </subfield>
  </datafield>
  <datafield tag="653" ind1=" " ind2=" ">
    <subfield code="a">Computer </subfield>
  </datafield>
  <datafield tag="700" ind1=" " ind2=" ">
    <subfield code="a">Grange, Jean-Louis (Ed.) </subfield>
  </datafield>
  <datafield tag="942" ind1=" " ind2=" ">
    <subfield code="2">udc</subfield>
    <subfield code="c">PR</subfield>
  </datafield>
  <datafield tag="999" ind1=" " ind2=" ">
    <subfield code="c">43930</subfield>
    <subfield code="d">43930</subfield>
  </datafield>
  <datafield tag="952" ind1=" " ind2=" ">
    <subfield code="0">0</subfield>
    <subfield code="1">0</subfield>
    <subfield code="2">udc</subfield>
    <subfield code="4">0</subfield>
    <subfield code="6">6213952870822_M3</subfield>
    <subfield code="7">0</subfield>
    <subfield code="9">66438</subfield>
    <subfield code="a">NSL</subfield>
    <subfield code="b">NSL</subfield>
    <subfield code="c">GF/Rk-13/C-2/R-5</subfield>
    <subfield code="d">1984-01-30</subfield>
    <subfield code="l">0</subfield>
    <subfield code="o">621.39:52-87(082.2) M3</subfield>
    <subfield code="p">103786</subfield>
    <subfield code="r">2023-06-15 00:00:00</subfield>
    <subfield code="w">1984-01-30</subfield>
    <subfield code="y">PR</subfield>
  </datafield>
</record>
